000
00321nam a2200133Ia 4500
008
150301s2015 xx 000 0 und d
082
_a
615.4
_b
P13D
100
_a
DASGUPTA, T.K
245
_a
PHARMA STROKE: PREPARATION FOR GPAT
260
_b
AITBS DELHI
300
_a
305
650
_a
PHARMACEUTICS
942
_2
ddc
_c
BK
_0
7
999
_c
7278
_d
7278